| 000 | 00958nam a2200205 a 4500 | ||
|---|---|---|---|
| 001 | 52764 | ||
| 005 | 20180714042736.0 | ||
| 008 | 140415s1997 mx 000 0 spa d | ||
| 020 | _a96844444028 | ||
| 041 | _aspa | ||
| 082 |
_a515.9 _bWUN |
||
| 100 | 1 | _aWunsch, A. David,. | |
| 245 | 1 | 0 | _aVARIABLE COMPLEJA CON APLICACIONES |
| 250 | _a2a ed. | ||
| 260 |
_aMEXICO : _bADDISON WESLEY, _c1997 |
||
| 300 |
_a660 _c15.8 x 2.9 x 23 |
||
| 520 | _aESTE LIBRO ES UN TEXTO DE TEORIA Y APLICACIONES DE LA VARIABLE COMPLEJA DIRIJIDO A ESTUDIANTES DE INGENIERIA Y DE CIENCIAS CON CONOCIMIENTOS BASICOS DE CLACULO Y ECUACIONES DIFERENCIALES. EL AUTOR SE HA PREOCUPADO POR PRESENTAR LOS TEMAS DE MANERA CLARA, SIMPLE Y ATRACTIVA PARA QUE EL ESTUDIANTE PUEDA APRENDER, INCLUSO DE MANERA AUTODIDACTA, AL MAYOR PARTE DEL MATERIAL DEL LIBRO. | ||
| 650 | 1 | 4 |
_aFUNCIONES DE VARIABLES COMPLEJAS _xMATEMATICAS |
| 740 | _aCOMPLEX VARIABLES WITH APPLICATIONS | ||
| 999 |
_c52764 _d52764 |
||